000 00240nam a2200109Ia 4500
999 _c9877
_d9877
020 _a978-1873630129
100 _aDonald Watson
245 0 _aAdvanced Vocabulary in Context
260 _aIndia
_bCambridge
_c1984
300 _a337
942 _cBK